[Event "Pardubice Czech op-A 28th"]
[Site "Pardubice"]
[Date "2017.07.29"]
[Round "9"]
[White "Hrabusa, Matej"]
[Black "Johansson, Gunnar"]
[Result "1/2-1/2"]
[WhiteElo "2335"]
[BlackElo "2223"]
[PlyCount "179"]
[EventDate "2017.07.21"]
[EventType "swiss"]
[EventRounds "9"]
[EventCountry "CZE"]
[SourceTitle "CBM 179 Extra"]
[Source "ChessBase"]
[SourceDate "2017.08.23"]
[SourceVersion "1"]
[SourceVersionDate "2017.08.23"]
[SourceQuality "1"]

1. d4 d5 2. Bf4 Nf6 3. e3 c5 4. c3 Nc6 5. Nd2 Bf5 6. Qb3 Qd7 7. dxc5 e5 8. Bg3 Bxc5 9. Ngf3 Qe7 10. Bb5 d4 11. Nc4 0-0 12. 0-0 dxe3 13. Nxe3 Bxe3 14. fxe3 Ne4 15. Bh4 Qc5 16. Rae1 Nd6 17. Bxc6 bxc6 18. Be7 Rfe8 19. Bxd6 Qxd6 20. Ng5 Be6 21. Qc2 f5 22. Rd1 Qc5 23. Rxf5 Qxe3+ 24. Kh1 g6 25. Nxe6 gxf5 26. Nc7 f4 27. Nxa8 Rxa8 28. Qb3+ Kh8 29. Qb7 Rf8 30. Qe7 Kg8 31. Qg5+ Kh8 32. h3 a5 33. Rd7 Qe1+ 34. Kh2 Qg3+ 35. Qxg3 fxg3+ 36. Kxg3 a4 37. Rb7 e4 38. Re7 Rg8+ 39. Kh2 a3 40. bxa3 Ra8 41. Rxe4 Rxa3 42. Rc4 Rxa2 43. Rxc6 Kg7 44. Re6 Rc2 45. Re3 Kg6 46. Kg1 h5 47. g3 Kg5 48. Kf1 h4 49. Ke1 hxg3 50. Rxg3+ Kf4 51. Kd1 Rh2 52. Rd3 Ke4 53. Rd2 Rxh3 54. Kc2 Ke5 55. Kb3 Rh8 56. c4 Rb8+ 57. Kc3 Rc8 58. Kb4 Rb8+ 59. Ka5 Rc8 60. Rd5+ Ke6 61. Kb4 Rh8 62. Rd1 Rb8+ 63. Ka5 Rc8 64. Kb5 Rb8+ 65. Ka6 Rc8 66. Rd4 Ke5 67. Rh4 Kd6 68. Kb7 Rc7+ 69. Kb6 Rc6+ 70. Kb5 Rc5+ 71. Kb4 Rg5 72. c5+ Kc7 73. Rh7+ Kc6 74. Rh6+ Kc7 75. Kb5 Rg7 76. Ra6 Rg1 77. Ra7+ Kb8 78. Rd7 Kc8 79. Kc6 Rg8 80. Rd6 Rg7 81. Re6 Rc7+ 82. Kd5 Rd7+ 83. Rd6 Rh7 84. Ra6 Rh5+ 85. Kc4 Kb7 86. Rg6 Rh1 87. Rg7+ Kc6 88. Rg6+ Kc7 89. Rg4 Kc6 90. Rg6+ 1/2-1/2

[Event "Vaxjo op"]
[Site "Vaxjo"]
[Date "2017.02.12"]
[Round "8"]
[White "Johansson, Gunnar"]
[Black "Horn, Emilia"]
[Result "1-0"]
[WhiteElo "2226"]
[BlackElo "2048"]
[PlyCount "67"]
[EventDate "2017.02.10"]
[EventType "swiss"]
[EventRounds "8"]
[EventCountry "SWE"]
[SourceTitle "CBM 176 Extra"]
[Source "ChessBase"]
[SourceDate "2017.03.02"]
[SourceVersion "1"]
[SourceVersionDate "2017.03.02"]
[SourceQuality "1"]

1. d4 d5 2. c4 c6 3. Nc3 Nf6 4. e3 a6 5. Qc2 b5 6. b3 g6 7. Bd3 Bg7 8. Nf3 0-0 9. 0-0 dxc4 10. bxc4 Nfd7 11. Rb1 e5 12. dxe5 Nxe5 13. Nxe5 Bxe5 14. Rd1 Qh4 15. f4 Bg7 16. a4 Bg4 17. Rf1 bxc4 18. Bxc4 Nd7 19. e4 Qf6 20. Ne2 Bxe2 21. Qxe2 Qd4+ 22. Kh1 Nc5 23. Be3 Qd6 24. e5 Qe7 25. a5 Rfe8 26. Rb6 Bf8 27. Rxc6 Nb7 28. Rf6 Nd8 29. Rxa6 Rxa6 30. Bxa6 Qa3 31. Bb5 Re6 32. a6 Nc6 33. Qd3 Qa5 34. Qc4 1-0

[Event "Rilton Cup 46th"]
[Site "Stockholm"]
[Date "2017.01.04"]
[Round "8"]
[White "Johansson, Gunnar"]
[Black "Bracker, Frank"]
[Result "1/2-1/2"]
[WhiteElo "2210"]
[BlackElo "2435"]
[PlyCount "81"]
[EventDate "2016.12.27"]
[EventType "swiss"]
[EventRounds "9"]
[EventCountry "SWE"]
[SourceTitle "CBM 176 Extra"]
[Source "ChessBase"]
[SourceDate "2017.03.02"]
[SourceVersion "1"]
[SourceVersionDate "2017.03.02"]
[SourceQuality "1"]

1. d4 Nf6 2. c4 e6 3. Nf3 d5 4. Nc3 Be7 5. Bf4 0-0 6. e3 b6 7. Bd3 c5 8. 0-0 cxd4 9. Nxd4 Bb7 10. Qe2 Nbd7 11. cxd5 Nxd5 12. Nxd5 Bxd5 13. Bb5 Bc5 14. Rfd1 Nf6 15. Rac1 Qe7 16. Bg5 h6 17. Bh4 Rac8 18. Ba6 Rcd8 19. a3 e5 20. Nf3 Bb3 21. Rd3 Bd5 22. Rd2 g5 23. Bg3 Ne4 24. Rdd1 Nxg3 25. hxg3 Bb3 26. Rd3 Bd5 27. Rcd1 Bxf3 28. gxf3 Kg7 29. Qd2 Rxd3 30. Qxd3 Qf6 31. Qe4 Rd8 32. Rxd8 Qxd8 33. Qxe5+ Qf6 34. Qxf6+ Kxf6 35. g4 Bd6 36. Kf1 Be5 37. b3 Bb2 38. a4 Ke5 39. Ke2 Bc3 40. Kd3 Be1 41. Ke2 1/2-1/2

[Event "Rilton Cup 46th"]
[Site "Stockholm"]
[Date "2017.01.03"]
[Round "7"]
[White "Betaneli, Alexander"]
[Black "Johansson, Gunnar"]
[Result "1/2-1/2"]
[WhiteElo "2252"]
[BlackElo "2210"]
[PlyCount "88"]
[EventDate "2016.12.27"]
[EventType "swiss"]
[EventRounds "9"]
[EventCountry "SWE"]
[SourceTitle "CBM 176 Extra"]
[Source "ChessBase"]
[SourceDate "2017.03.02"]
[SourceVersion "1"]
[SourceVersionDate "2017.03.02"]
[SourceQuality "1"]

1. d4 d5 2. c4 e6 3. Nc3 c6 4. cxd5 exd5 5. Bf4 Bd6 6. Bg3 Ne7 7. e3 Bf5 8. Nf3 0-0 9. Nh4 Be6 10. Bd3 a5 11. 0-0 Bxg3 12. hxg3 Nd7 13. Qc2 h6 14. Rae1 Nf6 15. Nf3 Ne8 16. Ne5 Nd6 17. f4 Qc7 18. g4 Bxg4 19. Nxd5 Nxd5 20. Nxg4 Nb4 21. Qe2 Nxd3 22. Qxd3 f5 23. Ne5 Rad8 24. Rc1 Ne4 25. g4 Qc8 26. Ng6 Rfe8 27. g5 Qe6 28. Qb3 Qxb3 29. axb3 Kh7 30. Ne5 hxg5 31. fxg5 g6 32. Kg2 Kg7 33. Rh1 Nxg5 34. Rh4 Rh8 35. Rxh8 Rxh8 36. Ra1 Ra8 37. Nc4 Nf7 38. Rxa5 Rxa5 39. Nxa5 Nd6 40. Nc4 Nxc4 41. bxc4 Kf6 42. Kf3 g5 43. b3 Ke6 44. Kg3 Kf6 1/2-1/2

[Event "Stockholm Scandic Ariadne"]
[Site "Stockholm"]
[Date "2016.11.04"]
[Round "3"]
[White "Meier, Georg"]
[Black "Johansson, Gunnar"]
[Result "1-0"]
[WhiteElo "2632"]
[BlackElo "2210"]
[PlyCount "103"]
[EventDate "2016.11.04"]
[EventType "swiss"]
[EventRounds "8"]
[EventCountry "SWE"]
[SourceTitle "CBM 175 Extra"]
[Source "ChessBase"]
[SourceDate "2016.12.12"]
[SourceVersion "1"]
[SourceVersionDate "2016.12.12"]
[SourceQuality "1"]

1. Nf3 d5 2. g3 g6 3. Bg2 Bg7 4. d4 Nf6 5. c4 c6 6. cxd5 cxd5 7. Nc3 0-0 8. Ne5 Nc6 9. 0-0 e6 10. Bg5 Qb6 11. Na4 Qb5 12. Nxc6 Qxc6 13. Rc1 Qa6 14. a3 b6 15. Nc3 Bb7 16. Qd2 Rac8 17. Rc2 b5 18. Rfc1 Qb6 19. e3 a6 20. Bf1 Rc6 21. Bxf6 Bxf6 22. Na2 Rfc8 23. Nb4 Rxc2 24. Rxc2 Rxc2 25. Qxc2 Be7 26. Nd3 Qc6 27. Qd2 Qc7 28. b4 Kg7 29. Qb2 f6 30. Nc5 Bxc5 31. bxc5 Bc6 32. f4 a5 33. Bxb5 Ba8 34. Ba4 e5 35. fxe5 fxe5 36. Qb6 Qxb6 37. cxb6 exd4 38. exd4 Kf6 39. Kf2 Ke6 40. Kf3 Bb7 41. Kf4 Kf6 42. h4 h6 43. Bd7 Ke7 44. Bb5 Kf6 45. Bd3 Bc8 46. Bc2 Bb7 47. Bb3 Ke6 48. g4 Kf6 49. g5+ hxg5+ 50. hxg5+ Ke6 51. Bc2 Kf7 52. Ke5 1-0

[Event "Stockholm op"]
[Site "Stockholm"]
[Date "2016.08.20"]
[Round "8"]
[White "Johansson, Gunnar"]
[Black "Karlsson, Lars"]
[Result "0-1"]
[WhiteElo "2217"]
[BlackElo "2447"]
[PlyCount "76"]
[EventDate "2016.08.15"]
[EventType "swiss"]
[EventRounds "9"]
[EventCountry "SWE"]
[SourceTitle "EXT 2017"]
[Source "ChessBase"]
[SourceDate "2016.10.25"]
[SourceVersion "1"]
[SourceVersionDate "2016.10.25"]
[SourceQuality "1"]

1. d4 g6 2. c4 Bg7 3. e4 d6 4. Nf3 Bg4 5. Be2 Nc6 6. Be3 e5 7. d5 Bxf3 8. Bxf3 Nd4 9. Bxd4 exd4 10. 0-0 Ne7 11. Nd2 0-0 12. b4 a5 13. b5 a4 14. Rb1 Qb8 15. Be2 Qa7 16. Nf3 Nc8 17. Qd3 Nb6 18. Rfd1 Nd7 19. Nxd4 Nc5 20. Qc2 Qb6 21. Nf3 Rfe8 22. Bd3 a3 23. Re1 Re7 24. Qd2 Na4 25. Rb3 Nc5 26. Rbb1 Na4 27. Rb3 Qc5 28. Bf1 Nb6 29. Qc2 Rae8 30. Rbb1 Bb2 31. Re3 Nd7 32. Rbe1 Qb4 33. g3 Nc5 34. Bg2 Bg7 35. R3e2 Na4 36. Nd2 Nc3 37. Re3 Qb2 38. Qb3 Qxd2 0-1